[Event "DVM U12 2020"]
[Site "Magdeburg GER"]
[Date "2021.08.06"]
[Round "3"]
[White "Sinka, Silas"]
[Black "Detjen, Mattes"]
[Result "1-0"]
[Termination "normal"]
[Board "9.1"]
[WhiteElo "1344"]
[BlackElo "1162"]
[WhiteClock "01:21:09"]
[BlackClock "00:50:58"]
[WhiteTeam "SV Hellas Nauen e.V."]
[BlackTeam "SV Werder Bremen"]
[PlyCount "57"]
[WhiteFideId "16265823"]
[BlackFideId "16235690"]
[EventCountry "GER"]
[EventRounds "7"]
[EventType "team-swiss"]
[EventDate "2021.08.04"]

1. d4 {[%clk 01:30:58]} {[%emt 00:00:03]} d5 {[%clk 01:30:37]} {[%emt
00:00:20]} 2. c4 {[%clk 01:31:21]} {[%emt 00:00:17]} e6 {[%clk 01:30:33]}
{[%emt 00:00:33]} 3. Nf3 {[%clk 01:31:41]} {[%emt 00:00:18]} Nf6 {[%clk
01:30:28]} {[%emt 00:00:15]} 4. e3 {[%clk 01:31:47]} {[%emt 00:00:35]} Be7
{[%clk 01:29:57]} {[%emt 00:00:53]} 5. b3 {[%clk 01:32:02]} {[%emt 00:01:21]}
O-O {[%clk 01:29:25]} 6. Bd3 {[%clk 01:32:27]} {[%emt 00:00:03]} b6 {[%clk
01:28:29]} {[%emt 00:01:27]} 7. Nbd2 {[%clk 01:32:04]} {[%emt 00:24:23]} Bb7
{[%clk 01:28:28]} 8. Bb2 {[%clk 01:32:22]} c5 {[%clk 01:27:52]} 9. Qc2 {[%clk
01:32:28]} Nc6 {[%clk 01:26:34]} {[%emt 00:00:04]} 10. a3 {[%clk 01:32:42]} Rc8
{[%clk 01:24:34]} 11. O-O {[%clk 01:32:04]} dxc4 {[%clk 01:22:02]} 12. bxc4
{[%clk 01:32:22]} {[%emt 00:02:15]} cxd4 {[%clk 01:22:08]} 13. exd4 {[%clk
01:32:43]} b5 {[%clk 01:20:24]} 14. c5 {[%clk 01:32:46]} b4 {[%clk 01:17:19]}
15. Qc4 {[%clk 01:30:16]} bxa3 {[%clk 01:15:16]} 16. Rxa3 {[%clk 01:30:22]} Qc7
{[%clk 01:14:17]} 17. Rb1 {[%clk 01:29:48]} {[%emt 00:02:39]} Rfd8 {[%clk
01:13:56]} 18. Bc3 {[%clk 01:29:04]} Ba8 {[%clk 01:10:51]} {[%emt 00:09:10]}
19. Rba1 {[%clk 01:26:57]} Rd5 {[%clk 01:08:11]} 20. Ne4 {[%emt 00:14:30]} Rcd8
{[%clk 01:05:00]} 21. Nxf6+ {[%clk 01:24:16]} Bxf6 {[%clk 01:04:50]} 22. Be4
{[%clk 01:24:20]} Rh5 {[%clk 01:04:02]} 23. h3 {[%clk 01:21:35]} e5 {[%clk
01:03:21]} 24. d5 {[%clk 01:20:38]} {[%emt 00:01:23]} Ne7 {[%clk 00:57:59]}
{[%emt 00:06:15]} 25. Ba5 {[%clk 01:20:34]} {[%emt 00:07:52]} Qd7 {[%clk
00:54:59]} 26. Bxd8 {[%clk 01:20:51]} Qxd8 {[%clk 00:55:23]} 27. Rxa7 {[%clk
01:21:15]} Bxd5 {[%clk 00:51:20]} {[%emt 00:00:43]} 28. Bxd5 {[%clk 01:21:37]}
{[%emt 00:00:17]} Nc8 {[%clk 00:50:58]} {[%emt 00:00:45]} 29. Bxf7+ {[%clk
01:21:09]} {[%emt 00:00:58]} 1-0

[Event "DVM U12 2020"]
[Site "Magdeburg GER"]
[Date "2021.08.06"]
[Round "3"]
[White "Vogt, Gianluca"]
[Black "Marrufo, Emilia"]
[Result "0-1"]
[Termination "normal"]
[Board "9.3"]
[WhiteElo "1160"]
[BlackElo "898"]
[WhiteClock "01:18:38"]
[BlackClock "01:08:55"]
[WhiteTeam "SV Hellas Nauen e.V."]
[BlackTeam "SV Werder Bremen"]
[PlyCount "40"]
[WhiteFideId "34608117"]
[BlackFideId "16287363"]
[EventCountry "GER"]
[EventRounds "7"]
[EventType "team-swiss"]
[EventDate "2021.08.04"]

1. e4 {[%clk 01:26:56]} e5 {[%clk 01:21:06]} 2. Nf3 {[%clk 01:26:56]} Nc6
{[%clk 01:21:06]} 3. d4 {[%clk 01:26:56]} exd4 {[%clk 01:21:06]} 4. Nxd4 {[%clk
01:26:56]} Bc5 {[%clk 01:21:06]} 5. Be3 {[%clk 01:26:56]} Qf6 {[%clk 01:21:06]}
6. c3 {[%clk 01:26:56]} Nge7 7. Bc4 {[%emt 00:00:05]} b6 8. b4 {[%clk
01:26:56]} {[%emt 00:00:24]} Bxd4 {[%clk 01:21:06]} {[%emt 00:02:24]} 9. Bxd4
{[%clk 01:27:15]} {[%emt 00:00:06]} Nxd4 {[%clk 01:19:46]} {[%emt 00:26:59]}
10. cxd4 {[%clk 01:27:27]} Bb7 11. Nc3 {[%clk 01:26:10]} O-O-O {[%clk
01:16:54]} {[%emt 00:01:30]} 12. O-O {[%clk 01:25:13]} d5 {[%clk 01:15:24]}
{[%emt 00:00:04]} 13. e5 {[%clk 01:23:48]} Qc6 {[%clk 01:13:45]} 14. Qg4+
{[%clk 01:18:57]} Kb8 {[%clk 01:08:55]} {[%emt 00:00:04]} 15. Nxd5 {[%clk
01:18:38]} Nxd5 16. Rac1 Qa4 17. b5 f6 18. Qxg7 Rdg8 19. Qf7 Nf4 20. g3 Nh3#
0-1

[Event "DVM U12 2020"]
[Site "Magdeburg GER"]
[Date "2021.08.06"]
[Round "3"]
[White "Plath, Erik"]
[Black "Pauser, Kilian"]
[Result "1/2-1/2"]
[Termination "normal"]
[Board "9.4"]
[WhiteElo "864"]
[BlackElo "1020"]
[WhiteClock "01:25:47"]
[BlackClock "00:42:45"]
[WhiteTeam "SV Werder Bremen"]
[BlackTeam "SV Hellas Nauen e.V."]
[PlyCount "46"]
[WhiteFideId "34608206"]
[BlackFideId "16287584"]
[EventCountry "GER"]
[EventRounds "7"]
[EventType "team-swiss"]
[EventDate "2021.08.04"]

1. e4 {[%clk 01:30:58]} {[%emt 00:00:31]} e5 {[%clk 01:30:52]} 2. f4 {[%clk
01:31:24]} Bc5 {[%clk 01:31:08]} 3. Nf3 {[%clk 01:31:40]} d6 {[%clk 01:31:09]}
{[%emt 00:06:31]} 4. Bc4 {[%clk 01:32:01]} Nc6 {[%clk 01:31:20]} 5. Nc3 {[%clk
01:31:59]} Nf6 {[%clk 01:31:35]} 6. d3 {[%clk 01:32:01]} O-O {[%clk 01:31:28]}
7. h3 {[%clk 01:32:23]} Be6 {[%clk 01:31:32]} 8. Bb3 {[%clk 01:32:29]} {[%emt
00:00:06]} Qd7 {[%clk 01:25:53]} {[%emt 00:00:07]} 9. Ba4 {[%clk 01:30:59]}
{[%emt 00:05:53]} Qe7 {[%clk 01:09:32]} {[%emt 00:13:28]} 10. f5 {[%clk
01:30:51]} Bd7 {[%clk 01:07:22]} {[%emt 00:56:33]} 11. Nd5 {[%clk 01:30:50]}
Nxd5 {[%clk 01:07:22]} 12. exd5 {[%clk 01:30:47]} Nd4 {[%clk 01:06:14]} 13.
Bxd7 {[%clk 01:30:35]} Qxd7 {[%clk 01:02:50]} {[%emt 00:00:04]} 14. Nxd4 {[%clk
01:30:32]} Bxd4 {[%clk 01:02:33]} 15. c3 {[%clk 01:30:50]} Bb6 {[%clk
01:02:42]} 16. Qg4 {[%clk 01:30:52]} {[%emt 00:00:04]} f6 {[%clk 00:56:16]} 17.
Bh6 {[%clk 01:30:56]} Kh8 {[%clk 00:55:20]} 18. Bd2 {[%clk 01:29:59]} Qf7
{[%clk 00:52:20]} 19. c4 {[%clk 01:30:08]} Bd4 {[%clk 00:51:40]} 20. Bc3 {[%clk
01:30:15]} {[%emt 00:00:04]} Bb6 {[%clk 00:50:15]} 21. Rf1 {[%clk 01:28:21]}
{[%emt 00:00:03]} Rae8 {[%clk 00:47:06]} 22. O-O-O {[%clk 01:28:19]} Re7 {[%clk
00:45:23]} 23. Rfe1 {[%clk 01:25:47]} Rd8 {[%clk 00:42:45]} 1/2-1/2

[Event "DVM U12 2020"]
[Site "Magdeburg GER"]
[Date "2021.08.06"]
[Round "4"]
[White "Udelnov, Valentin"]
[Black "Krüger, Arthur"]
[Result "1/2-1/2"]
[Termination "normal"]
[Board "1.1"]
[WhiteElo "1728"]
[BlackElo "1643"]
[WhiteClock "00:22:47"]
[BlackClock "00:06:28"]
[WhiteTeam "Schachzwerge Magdeburg"]
[BlackTeam "Hamburger SK von 1830 eV"]
[PlyCount "60"]
[WhiteFideId "16265734"]
[BlackFideId "16244966"]
[EventCountry "GER"]
[EventRounds "7"]
[EventType "team-swiss"]
[EventDate "2021.08.04"]

1. e4 {[%clk 01:30:58]} e6 {[%clk 01:30:38]} 2. d4 {[%clk 01:31:23]} d5 {[%clk
01:31:05]} 3. Nd2 {[%clk 01:31:30]} {[%emt 00:01:07]} c5 {[%clk 01:30:42]} 4.
exd5 {[%clk 01:31:35]} {[%emt 00:00:52]} Qxd5 {[%clk 01:31:03]} 5. Ngf3 {[%clk
01:31:38]} {[%emt 00:00:08]} cxd4 {[%clk 01:30:52]} {[%emt 00:01:28]} 6. Bc4
{[%clk 01:31:21]} Qd6 {[%clk 01:30:25]} {[%emt 00:01:58]} 7. O-O {[%clk
01:30:50]} Nf6 {[%clk 01:28:58]} {[%emt 00:05:30]} 8. Nb3 {[%clk 01:29:53]} Qc7
{[%clk 01:26:55]} {[%emt 00:00:27]} 9. Bb5+ {[%clk 01:19:55]} {[%emt 00:14:00]}
Bd7 {[%clk 01:24:01]} 10. Nbxd4 {[%clk 01:20:02]} {[%emt 00:00:14]} Nc6 {[%clk
01:20:12]} {[%emt 00:04:25]} 11. Qe2 {[%clk 01:13:47]} {[%emt 00:12:41]} Be7
{[%clk 01:02:26]} {[%emt 00:12:52]} 12. Bg5 {[%clk 01:09:38]} {[%emt 00:06:27]}
O-O {[%clk 01:00:28]} 13. Bh4 {[%clk 01:08:12]} {[%emt 00:01:58]} Nd5 {[%clk
00:51:48]} {[%emt 00:10:21]} 14. Bxc6 {[%clk 01:02:30]} {[%emt 00:05:01]} Bxc6
{[%clk 00:49:08]} {[%emt 00:03:08]} 15. Nxc6 {[%clk 00:59:27]} {[%emt
00:03:49]} Qxc6 {[%clk 00:48:55]} {[%emt 00:01:34]} 16. Bg3 {[%clk 00:58:55]}
Rac8 {[%clk 00:47:51]} {[%emt 00:01:32]} 17. c3 {[%clk 00:58:20]} {[%emt
00:01:15]} Rfd8 {[%clk 00:44:16]} {[%emt 00:04:02]} 18. Rad1 {[%clk 00:56:47]}
{[%emt 00:02:04]} Qa4 {[%clk 00:40:59]} {[%emt 00:16:33]} 19. a3 {[%clk
00:51:25]} Bd6 {[%clk 00:28:21]} {[%emt 00:06:04]} 20. Rd4 {[%clk 00:49:26]}
{[%emt 00:08:38]} Qc6 {[%clk 00:22:41]} 21. Ne5 {[%clk 00:44:59]} {[%emt
00:04:58]} Bxe5 {[%clk 00:21:57]} {[%emt 00:06:09]} 22. Qxe5 {[%clk 00:44:55]}
Ne7 {[%clk 00:18:05]} 23. Rfd1 {[%clk 00:42:40]} {[%emt 00:03:00]} Rd5 {[%clk
00:17:27]} {[%emt 00:00:54]} 24. Qe2 {[%clk 00:36:21]} {[%emt 00:07:13]} Rxd4
{[%clk 00:16:28]} {[%emt 00:01:05]} 25. Rxd4 {[%clk 00:36:29]} {[%emt
00:00:42]} Nf5 {[%clk 00:16:14]} {[%emt 00:00:25]} 26. Rg4 {[%clk 00:36:31]}
{[%emt 00:00:27]} Nxg3 {[%clk 00:15:51]} {[%emt 00:08:05]} 27. Rxg3 Rd8 {[%clk
00:12:17]} 28. Qg4 {[%clk 00:36:08]} g6 {[%clk 00:11:01]} 29. h3 {[%clk
00:24:58]} {[%emt 00:11:40]} Rd2 {[%clk 00:07:11]} {[%emt 00:04:19]} 30. Qb4
{[%clk 00:22:47]} {[%emt 00:02:41]} Rd1+ {[%clk 00:06:28]} {[%emt 00:01:13]}
1/2-1/2

[Event "DVM U12 2020"]
[Site "Magdeburg GER"]
[Date "2021.08.06"]
[Round "4"]
[White "Wartenberg, Alissa"]
[Black "Nönnig, Jakob"]
[Result "1-0"]
[Termination "normal"]
[Board "1.2"]
[WhiteElo "1562"]
[BlackElo "1442"]
[WhiteClock "01:01:00"]
[BlackClock "00:26:29"]
[WhiteTeam "Hamburger SK von 1830 eV"]
[BlackTeam "Schachzwerge Magdeburg"]
[PlyCount "97"]
[WhiteFideId "16280741"]
[BlackFideId "16289447"]
[EventCountry "GER"]
[EventRounds "7"]
[EventType "team-swiss"]
[EventDate "2021.08.04"]

1. e4 {[%clk 01:30:58]} e5 {[%clk 01:30:53]} 2. Nf3 {[%clk 01:31:25]} Nc6
{[%clk 01:31:16]} 3. Nc3 {[%clk 01:31:51]} Nf6 {[%clk 01:31:34]} 4. d4 {[%clk
01:32:17]} exd4 {[%clk 01:31:53]} 5. Nxd4 {[%clk 01:32:42]} {[%emt 00:00:16]}
Bb4 {[%clk 01:31:57]} {[%emt 00:00:16]} 6. Nxc6 {[%clk 01:33:05]} {[%emt
00:00:07]} bxc6 {[%clk 01:32:13]} {[%emt 00:00:11]} 7. Bd3 {[%clk 01:33:30]}
{[%emt 00:00:17]} d5 {[%clk 01:31:35]} {[%emt 00:01:12]} 8. exd5 {[%clk
01:33:56]} cxd5 {[%clk 01:31:55]} {[%emt 00:00:09]} 9. O-O {[%clk 01:34:21]}
{[%emt 00:00:20]} O-O {[%clk 01:32:12]} {[%emt 00:07:49]} 10. Bg5 {[%clk
01:34:44]} c6 {[%clk 01:32:18]} 11. Qf3 {[%clk 01:35:01]} Be7 {[%clk 01:31:44]}
12. h3 {[%clk 01:29:18]} Nd7 {[%clk 01:21:24]} {[%emt 00:11:00]} 13. Bxe7
{[%clk 01:26:39]} {[%emt 00:04:16]} Qxe7 {[%clk 01:21:17]} 14. Rfe1 {[%clk
01:26:58]} Qb4 {[%clk 01:19:50]} {[%emt 00:01:51]} 15. a3 {[%clk 01:22:24]}
{[%emt 00:04:40]} Qxb2 {[%clk 01:12:26]} {[%emt 00:36:13]} 16. Reb1 {[%clk
01:22:36]} Qxa1 {[%clk 00:59:29]} 17. Rxa1 {[%clk 01:23:02]} Nb6 {[%clk
00:56:38]} 18. Ne2 {[%clk 01:22:13]} Re8 {[%clk 00:53:44]} 19. Ng3 {[%clk
01:16:32]} Be6 {[%clk 00:49:06]} {[%emt 00:18:26]} 20. Nh5 {[%clk 01:11:49]}
Kh8 {[%clk 00:47:23]} 21. Nf4 {[%clk 01:11:43]} Rad8 {[%clk 00:45:10]} 22. Qg3
{[%clk 01:05:19]} {[%emt 00:11:08]} Nd7 {[%clk 00:38:37]} 23. Rb1 {[%clk
01:02:36]} {[%emt 00:04:13]} Nc5 {[%clk 00:37:42]} {[%emt 00:00:25]} 24. Nh5
{[%clk 01:01:28]} {[%emt 00:02:03]} Rg8 {[%clk 00:36:15]} {[%emt 00:01:47]} 25.
Qh4 {[%clk 00:59:48]} {[%emt 00:01:51]} Nxd3 {[%clk 00:33:52]} {[%emt
00:03:03]} 26. cxd3 {[%clk 00:59:36]} {[%emt 00:00:57]} Rd7 {[%clk 00:34:12]}
{[%emt 00:00:54]} 27. Nf6 {[%clk 00:59:00]} {[%emt 00:03:07]} h6 {[%clk
00:31:37]} 28. Nxd7 {[%clk 00:58:51]} {[%emt 00:00:36]} Bxd7 {[%clk 00:31:53]}
{[%emt 00:03:05]} 29. Rb7 {[%clk 00:58:57]} Be6 {[%clk 00:30:44]} 30. Rxa7
{[%clk 00:59:22]} Rc8 {[%clk 00:30:50]} 31. a4 {[%clk 00:59:37]} Rb8 {[%clk
00:30:13]} {[%emt 00:05:15]} 32. a5 {[%clk 00:59:48]} Kh7 {[%clk 00:29:44]} 33.
d4 {[%clk 00:59:36]} Rf8 {[%clk 00:29:08]} 34. Qe7 {[%clk 00:59:51]} Kg8 {[%clk
00:28:49]} 35. Qb7 {[%clk 00:59:47]} {[%emt 00:00:32]} Bc8 {[%clk 00:25:54]}
{[%emt 00:03:45]} 36. Qxc6 {[%clk 01:00:11]} Kh7 {[%clk 00:26:15]} 37. Ra8
{[%clk 01:00:37]} {[%emt 00:00:15]} Bd7 {[%clk 00:26:04]} {[%emt 00:00:30]} 38.
Qxd5 {[%clk 01:00:43]} {[%emt 00:00:19]} Be6 {[%clk 00:25:37]} {[%emt
00:00:57]} 39. Qe4+ {[%clk 01:01:08]} {[%emt 00:00:16]} f5 {[%clk 00:26:02]}
40. Qf3 {[%clk 01:01:14]} {[%emt 00:06:30]} Rf7 {[%clk 00:26:06]} 41. d5 {[%clk
01:01:22]} Bd7 {[%clk 00:26:19]} 42. a6 {[%clk 01:01:36]} Bb5 {[%clk 00:26:26]}
43. a7 {[%clk 01:01:45]} Ba6 {[%clk 00:26:42]} 44. Qe3 {[%clk 01:01:16]} Bb7
{[%clk 00:26:56]} 45. Rd8 {[%clk 01:01:23]} h5 {[%clk 00:26:29]} 46. Qe8 {[%clk
01:01:00]} Rf6 47. Qxh5+ {[%clk 01:01:00]} Rh6 48. Qxf5+ {[%clk 01:01:00]} Rg6
49. Rh8+ {[%clk 01:01:00]} 1-0

[Event "DVM U12 2020"]
[Site "Magdeburg GER"]
[Date "2021.08.06"]
[Round "4"]
[White "Brandstrup, Luca Alexander"]
[Black "Conrad, Marius"]
[Result "1-0"]
[Termination "normal"]
[Board "1.4"]
[WhiteElo "1516"]
[BlackElo "1498"]
[WhiteClock "00:22:34"]
[BlackClock "00:40:02"]
[WhiteTeam "Hamburger SK von 1830 eV"]
[BlackTeam "Schachzwerge Magdeburg"]
[PlyCount "45"]
[WhiteFideId "16244990"]
[BlackFideId "16299078"]
[EventCountry "GER"]
[EventRounds "7"]
[EventType "team-swiss"]
[EventDate "2021.08.04"]

1. d4 {[%clk 01:30:54]} {[%emt 00:03:22]} d5 {[%clk 01:30:31]} 2. Nf3 {[%clk
01:29:23]} e6 {[%clk 01:29:52]} {[%emt 00:00:23]} 3. Bf4 {[%clk 01:28:54]}
{[%emt 00:01:00]} Nf6 {[%clk 01:29:48]} {[%emt 00:00:33]} 4. e3 {[%clk
01:28:32]} {[%emt 00:00:53]} a6 {[%clk 01:28:31]} {[%emt 00:04:50]} 5. Bd3
{[%clk 01:27:41]} Be7 {[%clk 01:28:05]} 6. Nbd2 {[%clk 01:27:30]} O-O {[%clk
01:28:03]} {[%emt 00:00:27]} 7. c3 {[%clk 01:26:45]} {[%emt 00:02:33]} c5
{[%clk 01:27:19]} 8. O-O {[%clk 01:25:58]} Nc6 {[%clk 01:27:15]} {[%emt
00:01:55]} 9. Re1 {[%clk 01:16:14]} cxd4 {[%clk 01:18:10]} {[%emt 00:27:32]}
10. exd4 {[%clk 01:13:10]} Re8 {[%clk 01:14:20]} 11. h3 {[%clk 01:10:23]}
{[%emt 00:04:27]} h6 {[%clk 01:13:40]} 12. Bh2 {[%clk 01:08:50]} {[%emt
00:02:07]} Bd6 {[%clk 01:12:12]} {[%emt 00:01:53]} 13. Ne5 {[%clk 01:06:58]}
{[%emt 00:02:23]} Qc7 {[%clk 01:08:57]} {[%emt 00:03:44]} 14. f4 {[%clk
01:02:34]} {[%emt 00:08:07]} Nd7 {[%clk 01:06:15]} 15. Qh5 {[%clk 00:59:25]}
{[%emt 00:03:37]} Bxe5 {[%clk 01:03:17]} {[%emt 00:10:36]} 16. fxe5 {[%clk
00:59:17]} Qb6 {[%clk 01:00:57]} 17. Rf1 {[%clk 00:57:54]} Rf8 {[%clk
00:59:41]} {[%emt 00:00:07]} 18. Bf4 {[%clk 00:54:47]} {[%emt 00:03:30]} Ne7
{[%clk 00:55:23]} {[%emt 00:04:48]} 19. Bxh6 {[%clk 00:42:22]} {[%emt
00:14:32]} gxh6 {[%clk 00:50:39]} {[%emt 00:03:37]} 20. Rf4 {[%clk 00:36:15]}
{[%emt 00:06:38]} f5 {[%clk 00:46:42]} {[%emt 00:05:00]} 21. Qxh6 {[%clk
00:24:23]} {[%emt 00:14:47]} Kf7 {[%clk 00:42:06]} {[%emt 00:02:25]} 22. Qh5+
{[%clk 00:23:10]} {[%emt 00:06:27]} Kg7 {[%clk 00:40:02]} 23. Rg4+ {[%clk
00:22:34]} 1-0

[Event "DVM U12 2020"]
[Site "Magdeburg GER"]
[Date "2021.08.06"]
[Round "4"]
[White "Kempe, Caius Emilian"]
[Black "Trunz, Michelle"]
[Result "1-0"]
[Termination "normal"]
[Board "2.1"]
[WhiteElo "2013"]
[BlackElo "1714"]
[WhiteClock "00:49:59"]
[BlackClock "00:42:42"]
[WhiteTeam "USV TU Dresden"]
[BlackTeam "Godesberger Schachklub 1929 e. V."]
[PlyCount "119"]
[WhiteFideId "16246861"]
[BlackFideId "16227980"]
[EventCountry "GER"]
[EventRounds "7"]
[EventType "team-swiss"]
[EventDate "2021.08.04"]

1. d4 {[%clk 01:30:57]} f5 {[%clk 01:30:55]} 2. Nf3 {[%clk 01:31:20]} {[%emt
00:04:48]} Nf6 {[%clk 01:31:18]} 3. Bg5 {[%clk 01:31:43]} e6 {[%clk 01:31:22]}
4. Nbd2 {[%clk 01:32:03]} d5 {[%clk 01:30:56]} 5. e3 {[%clk 01:32:13]} c6
{[%clk 01:31:05]} 6. c4 {[%clk 01:32:31]} Bd6 {[%clk 01:29:05]} {[%emt
00:03:20]} 7. c5 {[%clk 01:30:17]} Bc7 {[%clk 01:29:06]} {[%emt 00:02:45]} 8.
Ne5 {[%clk 01:28:02]} {[%emt 00:03:00]} O-O {[%clk 01:29:05]} 9. f4 {[%clk
01:28:15]} Nbd7 {[%clk 01:28:56]} 10. Bd3 {[%clk 01:28:04]} Qe8 {[%clk
01:28:44]} {[%emt 00:00:04]} 11. Nxd7 {[%clk 01:27:25]} {[%emt 00:50:49]} Bxd7
{[%clk 01:28:41]} 12. Bxf6 {[%clk 01:27:01]} Rxf6 {[%clk 01:28:22]} 13. O-O
{[%clk 01:27:11]} Qe7 {[%clk 01:26:16]} {[%emt 00:00:05]} 14. b4 Rh6 {[%clk
01:25:59]} 15. Nf3 {[%clk 01:26:58]} Be8 {[%clk 01:25:33]} 16. Ne5 {[%clk
01:25:05]} Bxe5 {[%clk 01:25:23]} {[%emt 00:00:10]} 17. fxe5 {[%clk 01:23:33]}
Qh4 {[%clk 01:25:30]} 18. h3 {[%clk 01:23:45]} Qg5 {[%clk 01:25:09]} 19. Qf3
{[%clk 01:23:51]} {[%emt 00:00:04]} Bh5 {[%clk 01:24:09]} 20. Qf4 {[%clk
01:24:02]} Qe7 {[%clk 01:23:20]} 21. h4 {[%clk 01:23:29]} Rg6 {[%clk 01:22:54]}
22. Qh2 {[%clk 01:21:59]} Bg4 {[%clk 01:17:06]} {[%emt 00:00:05]} 23. g3 {[%clk
01:16:54]} Rh6 {[%clk 01:16:42]} 24. Be2 {[%clk 01:13:05]} Bxe2 {[%clk
01:16:55]} 25. Qxe2 {[%clk 01:12:49]} {[%emt 00:00:09]} g5 {[%clk 01:17:12]}
26. hxg5 {[%clk 01:12:12]} Qxg5 {[%clk 01:17:28]} 27. Qf3 {[%clk 01:09:46]} Kh8
{[%clk 01:17:01]} 28. Rf2 {[%clk 01:09:46]} {[%emt 00:00:05]} Rg8 {[%clk
01:17:03]} 29. Rg2 {[%clk 01:09:52]} Rhg6 {[%clk 01:15:36]} 30. Kf2 {[%clk
01:10:03]} Qg4 {[%clk 01:07:59]} {[%emt 00:10:24]} 31. Qf4 {[%clk 01:08:36]}
Qh5 {[%clk 01:05:15]} {[%emt 00:02:34]} 32. Rag1 {[%clk 01:08:03]} {[%emt
00:00:37]} Rg4 {[%clk 01:04:38]} {[%emt 00:01:08]} 33. Qf3 {[%clk 01:08:16]}
{[%emt 00:00:18]} R8g6 {[%clk 01:04:16]} {[%emt 00:00:50]} 34. a4 {[%clk
01:06:31]} {[%emt 00:02:25]} Rh6 {[%clk 01:02:47]} {[%emt 00:11:17]} 35. b5
{[%clk 01:05:45]} Qe8 {[%clk 01:02:22]} 36. Qe2 {[%clk 01:04:00]} b6 {[%clk
00:57:20]} {[%emt 00:00:32]} 37. Rc1 {[%clk 01:01:48]} {[%emt 00:02:38]} cxb5
{[%clk 00:55:28]} {[%emt 00:15:43]} 38. Qxb5 {[%clk 00:56:32]} Qxb5 {[%clk
00:55:16]} 39. axb5 {[%clk 00:56:57]} bxc5 {[%clk 00:52:47]} 40. dxc5 {[%clk
00:56:49]} Rhg6 {[%clk 00:51:16]} {[%emt 00:00:04]} 41. Kf3 {[%clk 00:55:35]}
{[%emt 00:02:46]} Rb4 {[%clk 00:50:31]} 42. c6 {[%clk 00:55:46]} Rg8 {[%clk
00:50:09]} {[%emt 00:01:33]} 43. Rc5 {[%clk 00:56:08]} Rc8 {[%clk 00:49:30]}
44. g4 {[%clk 00:53:16]} {[%emt 00:22:08]} fxg4+ {[%clk 00:49:22]} 45. Rxg4
{[%clk 00:53:23]} Rxg4 {[%clk 00:49:22]} 46. Kxg4 {[%clk 00:53:52]} Rc7 {[%clk
00:49:26]} 47. Rc2 {[%clk 00:54:04]} {[%emt 00:03:59]} Kg8 {[%clk 00:49:30]}
48. Kg5 {[%clk 00:53:47]} Kf7 {[%clk 00:48:24]} 49. Kh6 {[%clk 00:53:36]} Ke8
{[%clk 00:45:18]} 50. Rg2 {[%clk 00:52:57]} Kf8 {[%clk 00:45:29]} 51. Rf2+
{[%clk 00:52:39]} Ke8 {[%clk 00:44:55]} 52. Rg2 {[%clk 00:50:39]} Kf8 {[%clk
00:45:15]} 53. Rb2 {[%clk 00:51:00]} Ke8 {[%clk 00:42:49]} 54. b6 {[%clk
00:49:34]} {[%emt 00:00:13]} axb6 {[%clk 00:42:55]} 55. Rxb6 {[%clk 00:50:02]}
Kd8 {[%clk 00:42:01]} 56. Rb8+ {[%clk 00:49:11]} {[%emt 00:28:30]} Rc8 {[%clk
00:41:56]} 57. Rxc8+ {[%clk 00:49:14]} Kxc8 {[%clk 00:42:21]} 58. Kxh7 {[%clk
00:49:34]} Kc7 {[%clk 00:42:42]} 59. Kg6 {[%clk 00:49:46]} {[%emt 00:00:13]}
Kxc6 60. Kf6 {[%clk 00:49:59]} 1-0

[Event "DVM U12 2020"]
[Site "Magdeburg GER"]
[Date "2021.08.06"]
[Round "4"]
[White "Blomer, Moritz"]
[Black "Fruth, David"]
[Result "1-0"]
[Termination "normal"]
[Board "2.2"]
[WhiteElo "1416"]
[BlackElo "1749"]
[WhiteClock "01:06:18"]
[BlackClock "01:06:45"]
[WhiteTeam "Godesberger Schachklub 1929 e. V."]
[BlackTeam "USV TU Dresden"]
[PlyCount "53"]
[WhiteFideId "34608370"]
[BlackFideId "16257596"]
[EventCountry "GER"]
[EventRounds "7"]
[EventType "team-swiss"]
[EventDate "2021.08.04"]

1. e4 {[%clk 01:30:59]} c5 {[%clk 01:30:00]} {[%emt 00:00:58]} 2. Nc3 {[%clk
01:31:24]} {[%emt 00:00:04]} g6 {[%clk 01:30:23]} {[%emt 00:00:06]} 3. f4
{[%clk 01:31:46]} {[%emt 00:00:05]} Bg7 {[%clk 01:30:48]} {[%emt 00:00:05]} 4.
Nf3 {[%clk 01:32:07]} {[%emt 00:00:14]} Nc6 {[%clk 01:31:08]} {[%emt 00:00:06]}
5. Bb5 {[%clk 01:32:33]} {[%emt 00:00:07]} Nd4 {[%clk 01:31:26]} {[%emt
00:01:32]} 6. O-O {[%clk 01:32:56]} {[%emt 00:00:51]} Qb6 {[%clk 01:31:14]} 7.
a4 {[%clk 01:32:27]} c4 {[%clk 01:29:11]} {[%emt 00:02:12]} 8. Kh1 {[%clk
01:32:47]} {[%emt 00:00:05]} Nxf3 {[%clk 01:27:05]} {[%emt 00:06:30]} 9. Qxf3
Qc5 {[%clk 01:26:48]} 10. Qe2 {[%clk 01:31:21]} Nh6 {[%clk 01:24:24]} {[%emt
00:02:12]} 11. Bxc4 {[%clk 01:28:55]} {[%emt 00:03:07]} d6 {[%clk 01:23:48]}
{[%emt 00:00:59]} 12. Bb5+ {[%clk 01:26:06]} {[%emt 00:08:35]} Kf8 {[%clk
01:22:38]} 13. d3 {[%clk 01:15:52]} {[%emt 00:07:08]} Bd4 {[%clk 01:20:00]}
{[%emt 00:08:10]} 14. Nd5 {[%clk 01:12:43]} a6 {[%clk 01:19:12]} 15. Bc4 {[%clk
01:12:24]} {[%emt 00:00:40]} Ng4 {[%clk 01:17:45]} {[%emt 00:01:57]} 16. h3
{[%emt 00:03:45]} e6 {[%clk 01:17:00]} 17. hxg4 {[%clk 01:07:12]} {[%emt
00:10:34]} exd5 {[%clk 01:16:20]} 18. Bxd5 {[%clk 01:07:43]} g5 {[%clk
01:16:35]} 19. c3 {[%clk 01:07:02]} h5 {[%clk 01:09:11]} {[%emt 00:06:23]} 20.
cxd4 {[%clk 01:07:02]} hxg4+ {[%clk 01:09:30]} 21. Kg1 {[%clk 01:07:01]} Qxd4+
{[%clk 01:09:33]} 22. Be3 {[%clk 01:07:04]} {[%emt 00:00:22]} Qf6 {[%clk
01:07:37]} {[%emt 00:02:24]} 23. fxg5 {[%clk 01:05:54]} {[%emt 00:01:59]} Rh1+
{[%clk 01:05:57]} {[%emt 00:01:50]} 24. Kxh1 {[%clk 01:06:00]} {[%emt
00:00:45]} Qh8+ {[%clk 01:06:15]} {[%emt 00:00:05]} 25. Kg1 {[%clk 01:06:13]}
{[%emt 00:02:44]} g3 {[%clk 01:06:19]} 26. Rxf7+ {[%clk 01:06:18]} Ke8 {[%clk
01:06:45]} 27. Kf1 {[%emt 00:00:17]} 1-0